[Event "ch-ARG s/f"]
[Site "Buenos Aires ARG"]
[Date "2006.03.25"]
[Round "6"]
[White "Needleman,G"]
[Black "Blit,J"]
[Result "1/2-1/2"]
[WhiteElo "2413"]
[BlackElo "2270"]

1.e4 e6 2.d4 d5 3.Nc3 Bb4 4.e5 b6 5.Nf3 c5 6.Be2 Bxc3+ 7.bxc3 Ba6 8.Bxa6 Nxa6
9.O-O Ne7 10.Qe2 Nb8 11.dxc5 bxc5 12.c4 d4 13.Rb1 Nd7 14.Qe4 Qc8 15.c3 dxc3
16.Rd1 Qc6 17.Qd3 O-O-O 18.Qxc3 Nb6 19.Bg5 Rxd1+ 20.Rxd1 Rd8 21.Rxd8+ Kxd8
22.h4 Qe4 23.Qd2+ Ke8 24.Bxe7 Kxe7 25.Qd6+ Ke8 26.Qb8+ Ke7 27.Qxa7+ Nd7 28.Qa5 Qxc4
29.Qd2 h6  1/2-1/2

[Event "ch-ARG s/f"]
[Site "Buenos Aires ARG"]
[Date "2006.03.27"]
[Round "8"]
[White "Fusco,L"]
[Black "Menon,D"]
[Result "1/2-1/2"]
[WhiteElo "2269"]
[BlackElo "2167"]

1.e4 e6 2.d4 d5 3.Nc3 Bb4 4.e5 Ne7 5.a3 Bxc3+ 6.bxc3 c5 7.Qg4 O-O 8.Bd3 Nbc6
9.Nf3 f5 10.exf6 Rxf6 11.Bg5 Rf7 12.Qh5 g6 13.Qh4 c4 14.Be2 Qa5 15.Bd2 Nf5
16.Qg5 Bd7 17.h4 Qd8 18.h5  1/2-1/2

[Event "43rd ch-IND"]
[Site "Visakhapatnam IND"]
[Date "2006.04.10"]
[Round "11"]
[White "Deepan,C"]
[Black "Ravi,L"]
[Result "1-0"]
[WhiteElo "2428"]
[BlackElo "2423"]

1.e4 e6 2.d4 d5 3.Nc3 Bb4 4.e5 Ne7 5.a3 Bxc3+ 6.bxc3 b6 7.f4 Ba6 8.Bd3 c5
9.Nf3 Bxd3 10.cxd3 Nd7 11.O-O Qc7 12.a4 h5 13.Ba3 Nf5 14.Qe2 Rc8 15.Rfc1 c4
16.Nd2 Qc6 17.Rcb1 cxd3 18.Qxd3 f6 19.Rc1 Kf7 20.c4 h4 21.c5 a5 22.cxb6 Qxb6
23.Nf3 Rxc1+ 24.Rxc1 Rb8 25.h3 Qb3 26.Qxb3 Rxb3 27.Bd6 Nb6 28.Rc7+ Kg6 29.Bf8 fxe5
30.Nxe5+ Kh7 31.Nf3 Rb4 32.Kf2 Rb2+ 33.Kg1 Nc4 34.Be7  1-0

[Event "Foxwoods Open"]
[Site "Ledyards USA"]
[Date "2006.04.13"]
[Round "2"]
[White "Rensch,D"]
[Black "Figler,I"]
[Result "1-0"]
[WhiteElo "2360"]
[BlackElo "2359"]

1.e4 e6 2.d4 d5 3.Nc3 Bb4 4.e5 Ne7 5.a3 Bxc3+ 6.bxc3 b6 7.Qg4 Ng6 8.h4 h5
9.Qg3 Ba6 10.Bxa6 Nxa6 11.Ne2 Nb8 12.Bg5 Qd7 13.O-O Nc6 14.Qf3 Nge7 15.Nf4 g6
16.Bf6 Rg8 17.Nh3 Nf5 18.Qf4 Nce7 19.Ng5 Qa4 20.f3 Qxc2 21.g4 Qxc3 22.gxf5 Nxf5
23.Rac1  1-0

[Event "LII Nacional Abierto"]
[Site "Mexico City MEX"]
[Date "2006.04.13"]
[Round "3"]
[White "Mitkov,N"]
[Black "Hernandez,C"]
[Result "1-0"]
[WhiteElo "2561"]
[BlackElo "2166"]

1.e4 e6 2.d4 d5 3.Nc3 Bb4 4.e5 Ne7 5.a3 Bxc3+ 6.bxc3 c5 7.Qg4 Qa5 8.Bd2 Qa4
9.Qxg7 Rg8 10.Qxh7 cxd4 11.Ne2 Nbc6 12.f4 Bd7 13.Qd3 Nf5 14.g3 O-O-O 15.Kf2 f6
16.exf6 Rdf8 17.cxd4 Rxf6 18.Qb3 Qxb3 19.cxb3 Rh6 20.Rc1 Kd8 21.Bc3 Be8 22.Rd1 Bh5
23.Rd3 Nb8 24.h3 Nd7 25.g4 Bxg4 26.Rg1 Nf6 27.hxg4 Rxg4 28.Rxg4 Nxg4+ 29.Ke1 Rh1
30.Rh3 Nh2 31.Kf2 Rxf1+ 32.Kg2 Rb1 33.Kxh2 Kd7  1-0

[Event "Foxwoods Open"]
[Site "Ledyards USA"]
[Date "2006.04.15"]
[Round "6"]
[White "Gallagher,Jo"]
[Black "Mandiza,F"]
[Result "1-0"]
[WhiteElo "2530"]
[BlackElo "2256"]

1.e4 e6 2.d4 d5 3.Nc3 Bb4 4.e5 Ne7 5.Nf3 O-O 6.Bd3 f5 7.exf6 gxf6 8.Bh6 Rf7
9.Qe2 c5 10.dxc5 Nbc6 11.O-O e5 12.Rad1 Bxc3 13.bxc3 Qa5 14.Nh4 Qxc5 15.c4 e4
16.cxd5 exd3 17.dxc6 Qxc6 18.Rxd3 Be6 19.Rfd1 Qc8 20.h3 Nc6 21.Re3 Ne5 22.f4 Bc4
23.Qh5 Nc6 24.Nf5 Kh8 25.Nd6 Qc7 26.Nxc4 Rg8 27.Nd6 Rd7 28.Re8  1-0

[Event "Open NOR-ch"]
[Site "Oslo NOR"]
[Date "2006.04.16"]
[Round "9"]
[White "Van der Weide,K"]
[Black "Johannessen,S"]
[Result "1/2-1/2"]
[WhiteElo "2482"]
[BlackElo "2252"]

1.e4 e6 2.d4 d5 3.Nc3 Bb4 4.e5 Qd7 5.Nh3 b6 6.Nf4 f5 7.h4 Nh6 8.Nd3 Bxc3+
9.bxc3 Nf7 10.Rh3 Nc6 11.Rg3 O-O 12.Nf4 Kh8 13.Bb5 a6 14.Bxc6 Qxc6 15.Ba3 Re8
16.Nh5 g6 17.Nf6 a5 18.f4 Ba6 19.h5 g5 20.fxg5 f4 21.Kd2 fxg3 22.Qg4 Nxe5
23.dxe5 d4 24.cxd4 Qxg2+ 25.Kc3 Qc6+ 26.Kd2 Qg2+ 27.Kc3 Qc6+  1/2-1/2

[Event "2nd Halkidiki Open"]
[Site "Kalithea GRE"]
[Date "2006.04.26"]
[Round "2"]
[White "Hoffmann,Mi1"]
[Black "Hering,E"]
[Result "1-0"]
[WhiteElo "2467"]
[BlackElo "2086"]

1.e4 e6 2.d4 d5 3.Nc3 Bb4 4.e5 Ne7 5.a3 Bxc3+ 6.bxc3 c5 7.Qg4 O-O 8.Bd3 f5
9.exf6 Rxf6 10.Bg5 Rf7 11.Qh5 g6 12.Qd1 Nbc6 13.Nf3 Qf8 14.O-O c4 15.Be2 h6
16.Bc1 Qg7 17.a4 Nf5 18.Ba3 g5 19.h3 Bd7 20.Nh2 Be8 21.Re1 Rd7 22.Bg4 Bf7
23.Qd2 Re8 24.Nf3 Nd6 25.Bxd6 Rxd6 26.Ne5 Nxe5 27.Rxe5 Ra6 28.f4 gxf4 29.Rae1 Rxa4
30.Qxf4 Ra2 31.R1e3 Kh7 32.Rg3 Rg8 33.Bf5+  1-0

[Event "XI Ivan Cvitanovic mem"]
[Site "Split CRO"]
[Date "2006.05.03"]
[Round "5"]
[White "Ljubicic,F"]
[Black "Martinovic,Sa"]
[Result "1-0"]
[WhiteElo "2396"]
[BlackElo "2350"]

1.e4 e6 2.d4 d5 3.Nc3 Bb4 4.e5 b6 5.Qg4 Bf8 6.Nf3 c6 7.Be2 Ba6 8.O-O Qd7
9.Re1 Ne7 10.Qf4 Ng6 11.Qg3 Ne7 12.Qf4 Ng6 13.Qe3 Ne7 14.Bd3 h5 15.Ne2 Bxd3
16.Qxd3 Nf5 17.Ng3 g6 18.Bg5 Be7 19.Nxf5 gxf5 20.h4 Qb7 21.c4 Qa6 22.b3 Nd7
23.Rac1 Bxg5 24.Nxg5 dxc4 25.Rxc4 Rd8 26.Qg3 Nb8 27.Nh7 b5 28.Rc3 Qxa2 29.Nf6+ Kf8
30.Qg5 Qa5 31.Rec1 Rxd4 32.Rg3 Qd8 33.f4 Rd3 34.Qg7+ Ke7 35.Rxd3 Qxd3 36.Qxh8 Qe3+
37.Kh2 Qxf4+ 38.g3 Qxe5 39.Qe8+  1-0

[Event "4th TCh-SCG"]
[Site "Vrnjacka Banja SCG"]
[Date "2006.05.06"]
[Round "6"]
[White "Kovacevic,A"]
[Black "Certic,B"]
[Result "1-0"]
[WhiteElo "2536"]
[BlackElo "2387"]

1.e4 e6 2.d4 d5 3.Nc3 Bb4 4.e5 b6 5.Qg4 Bf8 6.h4 Qd7 7.h5 h6 8.a3 a5 9.f4 Ba6
10.Bxa6 Rxa6 11.Qe2 Ne7 12.Be3 Nf5 13.Bf2 c5 14.Nf3 cxd4 15.Nb5 Bc5 16.a4 O-O
17.g4 Ne3 18.Rg1 Rc8 19.Nfxd4 Nc4 20.b3 Bb4+ 21.c3 Nxe5 22.Qxe5 Rxc3 23.Kf1 Rc8
24.f5 Nc6 25.fxe6 Nxe5 26.exd7 Nxd7 27.g5 hxg5 28.Rxg5 Bd2 29.Rxd5 Nf6 30.Re5 Rc5
31.Nf3 Rxe5 32.Nxe5 Bf4 33.Nc4 Nxh5 34.Rd1 Ng3+ 35.Kg2 Nf5 36.Rd8+ Kh7 37.Kf3 g5
38.Nxb6 Kg6 39.Rg8+ Kh7 40.Rc8 Ne7 41.Re8 Nc6 42.Ke4 Kg6 43.Rg8+ Kh7 44.Rf8 Kg7
45.Re8 Kg6 46.Kd5 Nb4+ 47.Kc4 f5 48.Re7 g4 49.Nc3 Bd2 50.Ncd5 Nxd5 51.Kxd5 f4
52.Ke4 g3 53.Bd4 Be3 54.Re6+ Kg5 55.Bxe3 fxe3 56.Kxe3 Kf5 57.Rd6 Kg4 58.Ke2 Ra7
59.Nd5 Rb7 60.Ne3+ Kf4 61.Ng2+ Kg4 62.Rg6+ Kh3 63.Ne3 Rh7 64.Nf1 Re7+ 65.Kd2 Rd7+
66.Kc2  1-0

[Event "ch-UKR sf"]
[Site "Alushta UKR"]
[Date "2006.05.21"]
[Round "9"]
[White "Zherebukh,Y"]
[Black "Sumets,A"]
[Result "1/2-1/2"]
[WhiteElo "2331"]
[BlackElo "2461"]

1.e4 e6 2.d4 d5 3.Nc3 Bb4 4.e5 Ne7 5.a3 Bxc3+ 6.bxc3 c5 7.Qg4 Kf8 8.Bd2 b6
9.Bd3 Ba6 10.h4 Bxd3 11.cxd3 Qd7 12.h5 h6 13.Rh3 Nbc6 14.Qf4 Kg8 15.Nf3 Rf8
16.Ke2 f6 17.Qg4 Kh7 18.Bf4 Rhg8 19.Bh2 Qb7 20.Kf1 cxd4  1/2-1/2

[Event "21st Schachtage"]
[Site "Hassloch GER"]
[Date "2006.06.02"]
[Round "1"]
[White "Metz,Ha"]
[Black "Mandery,P"]
[Result "1-0"]
[WhiteElo "2290"]
[BlackElo "2058"]

1.e4 e6 2.d4 d5 3.Nc3 Bb4 4.e5 Ne7 5.a3 Bxc3+ 6.bxc3 c5 7.Qg4 O-O 8.Bd3 f5
9.exf6 Rxf6 10.Bg5 Nd7 11.Qh4 h6 12.Bxf6 Nxf6 13.dxc5 e5 14.f3 e4 15.fxe4 Qa5
16.Ne2 dxe4 17.Bxe4 Qxc5 18.Bf3 Nf5 19.Qb4 Qe5 20.O-O Ne3 21.Rfe1 Bg4 22.Qd4 Qxd4
23.Nxd4  1-0

[Event "28th Nezhmetdinov mem"]
[Site "Kazan RUS"]
[Date "2006.06.04"]
[Round "4"]
[White "Gorovykh,E"]
[Black "Andreev,Ed"]
[Result "0-1"]
[WhiteElo "2349"]
[BlackElo "2470"]

1.e4 e6 2.d4 d5 3.Nc3 Bb4 4.e5 Ne7 5.a3 Bxc3+ 6.bxc3 c5 7.Qg4 Kf8 8.a4 Qc7
9.Ra2 Nbc6 10.Ba3 cxd4 11.Nf3 dxc3 12.Bb5 Nxe5 13.Bxe7+ Kxe7 14.Qg5+ f6 15.Qxg7+ Nf7
16.Bd3 Bd7 17.Bxh7 Qc4 18.Ra1 Bxa4 19.Rb1 b6 20.g4 Bxc2 21.g5 Rxh7  0-1

[Event "Lasker Mem A"]
[Site "Barlinek POL"]
[Date "2006.06.05"]
[Round "3"]
[White "Siwiec,A"]
[Black "Strzemiecki,Z"]
[Result "0-1"]
[WhiteElo "1957"]
[BlackElo "2332"]

1.e4 e6 2.d4 d5 3.Nc3 Bb4 4.e5 b6 5.Ne2 Ba6 6.g3 c5 7.a3 Bxc3+ 8.bxc3 Nc6
9.Be3 Nge7 10.Bh3 Rc8 11.O-O Qc7 12.Re1 Na5 13.Nf4 cxd4 14.Bxd4 Nec6 15.Qg4 Nxd4
16.cxd4 g6 17.Nxe6 fxe6 18.Qxe6+ Qe7 19.Qf6 Rf8 20.Bxc8 Bxc8 21.Qd6 Be6 22.Qb4 Nc4
23.Qc3 Kf7 24.Qf3+ Kg7 25.Qe2 Qf7 26.f4 Rc8 27.Rf1 Qf5 28.Rf2 Qe4 29.Qxe4 dxe4
30.Re2 e3 31.Rf1 Bg4 32.Ree1 e2 33.Rf2 Nxa3 34.Rfxe2 Bxe2 35.Rxe2 Rxc2 36.Re3 Nc4
37.Rd3 Rd2  0-1

[Event "Summer-1"]
[Site "Alushta UKR"]
[Date "2006.06.09"]
[Round "11"]
[White "Zinchenko,Ya"]
[Black "Sumets,A"]
[Result "1/2-1/2"]
[WhiteElo "2499"]
[BlackElo "2461"]

1.e4 e6 2.d4 d5 3.Nc3 Bb4 4.e5 Ne7 5.a3 Bxc3+ 6.bxc3 c5 7.Qg4 Kf8 8.h4 Qa5
9.Bd2 Qa4 10.h5 h6 11.Rh3 Nbc6 12.Qf4 b6 13.Rf3 Nd8 14.dxc5 Qxf4 15.Rxf4 bxc5  1/2-1/2

[Event "Lasker Mem A"]
[Site "Barlinek POL"]
[Date "2006.06.10"]
[Round "8"]
[White "Siwiec,A"]
[Black "Vogel,Ja"]
[Result "1/2-1/2"]
[WhiteElo "1957"]
[BlackElo "2256"]

1.e4 e6 2.d4 d5 3.Nc3 Bb4 4.e5 b6 5.g3 Qd7 6.Ne2 Ba6 7.Bh3 Bf8 8.O-O Ne7
9.Re1 c5 10.Bg5 Nbc6 11.dxc5 bxc5 12.Nf4 h6 13.Bh4 d4 14.Ne4 Nd5 15.Nxd5 Qxd5
16.Nd6+ Bxd6 17.Bg2 Qxg2+ 18.Kxg2 Nxe5 19.Rxe5 Bxe5 20.Qh5 Bb7+ 21.Kg1 Bd6
22.b4 Rc8 23.bxc5 Bxc5 24.Re1 O-O 25.Bf6 gxf6 26.Qxh6 Be7 27.Rxe6 Rfe8 28.Qf4 Bf8
29.Rxe8 Rxe8 30.Kf1 Be4 31.Qg4+ Bg6 32.Qxd4 Rc8 33.c4 Rc7 34.h4 Re7 35.Qxf6 Re6
36.Qd4 Rd6 37.Qxa7 Bd3+ 38.Kg2 Bxc4 39.h5  1/2-1/2

[Event "ch-FIN"]
[Site "Helsinki FIN"]
[Date "2006.06.11"]
[Round "2"]
[White "Luukkonen,T"]
[Black "Norri,J"]
[Result "0-1"]
[WhiteElo "2193"]
[BlackElo "2368"]

1.e4 e6 2.d4 d5 3.Nc3 Bb4 4.e5 Qd7 5.a3 Bxc3+ 6.bxc3 b6 7.h4 Ba6 8.Bxa6 Nxa6
9.h5 h6 10.a4 Nb8 11.a5 Nc6 12.axb6 cxb6 13.Qg4 f5 14.Qe2 Na5 15.g4 Ne7 16.Ba3 fxg4
17.Rh4 Nf5 18.Rxg4 Nc4 19.Nh3 Qa4 20.Bb2 Qc6 21.Bc1 Nce3 22.fxe3 Qxc3+ 23.Kd1 Qxa1
24.Qb5+ Ke7 25.Qc6 Rhc8 26.Qb7+ Ke8 27.Rxg7 Nxg7 28.Qxg7 Qa2 29.Qg6+ Kd7
30.Nf4 Re8 31.Nxe6 Rxe6 32.Qf7+ Re7 33.Qf5+ Kc7 34.Qf6 Rae8 35.Qxh6 Kb7  0-1

[Event "20th Open"]
[Site "Pula CRO"]
[Date "2006.06.21"]
[Round "5"]
[White "Kovacevic,A"]
[Black "Fucak,E"]
[Result "1-0"]
[WhiteElo "2536"]
[BlackElo "2291"]

1.e4 e6 2.d4 d5 3.Nc3 Bb4 4.e5 b6 5.Qg4 Bf8 6.h4 Qd7 7.h5 h6 8.Be3 Ba6 9.Nge2 Ne7
10.O-O-O Nbc6 11.f4 Na5 12.Qf3 Rb8 13.g4 b5 14.b3 Nec6 15.f5 Qe7 16.Nf4 Rg8
17.fxe6 fxe6 18.Bd3 Qa3+ 19.Kb1 Nc4 20.Bc1 Qe7 21.Bg6+ Kd8 22.Ncxd5  1-0

[Event "Zudov Memorial"]
[Site "Nizhnij Tagil RUS"]
[Date "2006.06.24"]
[Round "5"]
[White "Geller,J"]
[Black "Ovetchkin,R"]
[Result "1/2-1/2"]
[WhiteElo "2495"]
[BlackElo "2548"]

1.e4 e6 2.d4 d5 3.Nc3 Bb4 4.e5 Ne7 5.a3 Bxc3+ 6.bxc3 b6 7.Qg4 Ng6 8.a4 Ba6
9.Bxa6 Nxa6 10.Qe2 Nb8 11.Nf3 Nc6 12.O-O Na5 13.Nd2 Qd7 14.Ba3 Qc6 15.Bb4 Nc4
16.Nxc4 Qxc4 17.Qxc4 dxc4 18.a5 Kd7 19.f4 Nh4 20.g4 h5 21.h3 hxg4 22.hxg4 f5
23.exf6 gxf6 24.Kf2 Rag8 25.Rg1 f5 26.axb6 axb6 27.gxf5 Nxf5 28.Rxg8 Rxg8
29.Rh1 Rg7 30.Kf3 Rg3+ 31.Kf2 c5 32.dxc5 bxc5 33.Bxc5 Rxc3 34.Rc1 Kc6 35.Bb4 Rh3
36.c3 Ne3 37.Ra1 Nd5 38.Ra6+ Kb5 39.Ra5+ Kb6  1/2-1/2

[Event "GM Scheveningen"]
[Site "Taiyuan CHN"]
[Date "2006.07.10"]
[Round "1"]
[White "Zhang Zhong"]
[Black "Berkes,F"]
[Result "1/2-1/2"]
[WhiteElo "2639"]
[BlackElo "2601"]

1.e4 e6 2.d4 d5 3.Nc3 Bb4 4.e5 Ne7 5.a3 Bxc3+ 6.bxc3 c5 7.a4 Qc7 8.Nf3 b6
9.Bb5+ Bd7 10.Bd3 Nbc6 11.O-O h6 12.Ba3 Na5 13.Nd2 O-O 14.dxc5 bxc5 15.Nb3 Nxb3
16.cxb3 Rab8 17.Bc2 f6 18.exf6 Rxf6 19.b4 e5 20.bxc5 Bc6 21.Qh5 Rbf8 22.Rae1 Nf5
23.Qe2 Re8 24.f3 Qf7 25.Bb3 Kh8 26.Rf2 Nh4 27.Ref1 Ng6 28.g3 Qd7 29.Qd1 Ref8
30.Bc1 a5 31.Bc2  1/2-1/2

[Event "XXIV Andorra Open"]
[Site "Andorra la Vella AND"]
[Date "2006.07.12"]
[Round "5"]
[White "De la Villa Garcia,J"]
[Black "Gallego Eraso,P"]
[Result "1-0"]
[WhiteElo "2452"]
[BlackElo "2375"]

1.e4 e6 2.d4 d5 3.Nc3 Bb4 4.e5 b6 5.a3 Bf8 6.Nf3 Qd7 7.b4 Ne7 8.Rb1 c5 9.bxc5 bxc5
10.dxc5 Nec6 11.Be3 Ba6 12.Nb5 Bxb5 13.Bxb5 Be7 14.c4 O-O 15.cxd5 exd5 16.O-O Qe6
17.Re1 Rc8 18.Ba4 Rc7 19.Bb3 Rd7 20.Qd3 Nxe5 21.Nxe5 Qxe5 22.Ba4 Rd8 23.Bd4 Qc7
24.Be5 Qxc5 25.Qg3 g6 26.Bxb8 d4 27.Bc7 Rd5 28.Rec1  1-0

[Event "XXIV Andorra Open"]
[Site "Andorra la Vella AND"]
[Date "2006.07.12"]
[Round "5"]
[White "Saptarshi,R"]
[Black "Moskalenko,V"]
[Result "1-0"]
[WhiteElo "2373"]
[BlackElo "2543"]

1.e4 e6 2.d4 d5 3.Nc3 Bb4 4.e5 b6 5.a3 Bxc3+ 6.bxc3 Ne7 7.Qg4 Ng6 8.h4 h5
9.Qd1 Qd7 10.Bd3 Ba6 11.Bxg6 fxg6 12.Nh3 c5 13.Nf4 Qf7 14.Rh3 Nc6 15.Rg3 Ne7  1-0

[Event "XXIX Open"]
[Site "Barbera del Valles ESP"]
[Date "2006.07.12"]
[Round "8"]
[White "Montell Zabay,A"]
[Black "Lux,G"]
[Result "0-1"]
[WhiteElo "2155"]
[BlackElo "2089"]

1.e4 e6 2.d4 d5 3.Nc3 Bb4 4.e5 Qd7 5.Bd3 b6 6.Qe2 Bb7 7.Nf3 Nc6 8.O-O Nh6
9.Bg5 Nf5 10.Bxf5 exf5 11.Rfe1 Qe6 12.Qb5 Bxc3 13.bxc3 O-O 14.c4 Na5 15.c5 Nc4
16.a4 h6 17.Bc1 Rfc8 18.Qb3 a6 19.h4 Bc6 20.g3 b5 21.a5 Re8 22.Qd3 b4 23.h5 Rab8
24.Nh4 Bd7 25.Ng2 Qc6 26.Nh4 Qe6 27.Ng2 Rb5 28.Qf3 c6 29.Nf4 Qe7 30.Nd3 Be6
31.Qe2 Reb8 32.Bd2 Qd8 33.Reb1 b3 34.cxb3 Rxb3 35.Rxb3 Rxb3 36.Ra2 f4 37.Nxf4 Bf5
38.e6 fxe6 39.Nxe6 Qf6 40.Nf4 Be4 41.Ra1 Qxd4  0-1

[Event "XXIV Andorra Open"]
[Site "Andorra la Vella AND"]
[Date "2006.07.14"]
[Round "7"]
[White "Roy Chowdhury,S"]
[Black "Moskalenko,V"]
[Result "1/2-1/2"]
[WhiteElo "2394"]
[BlackElo "2543"]

1.e4 e6 2.d4 d5 3.Nc3 Bb4 4.e5 b6 5.h4 Qd7 6.Rh3 Ba6 7.Bxa6 Nxa6 8.Qd3 Nb8
9.Ne2 c5 10.Qg3 f6 11.Kf1 Bxc3 12.bxc3 Nc6 13.Bf4 fxe5 14.Bxe5 Nf6 15.Bxf6 gxf6
16.dxc5 bxc5 17.Rb1 Kf7 18.c4 dxc4 19.Qf4 Rad8 20.Kg1 Nd4 21.Nxd4 cxd4 22.Rf3 f5
23.Ra3 Rhg8 24.Qf3 Kf6 25.Ra5 d3 26.cxd3 Qxd3 27.Qxd3 cxd3 28.Rxa7 Rg4 29.Rxh7 Rdg8
30.g3 f4 31.Rd7 fxg3 32.Rxd3 gxf2+ 33.Kxf2 Rg2+ 34.Ke3 Rxa2 35.Rf1+ Ke5  1/2-1/2

[Event "Inautomarket Open"]
[Site "Minsk BLR"]
[Date "2006.07.16"]
[Round "7"]
[White "Sivokho,S"]
[Black "Mihajlovskij,S"]
[Result "0-1"]
[WhiteElo "2473"]
[BlackElo "2429"]

1.e4 e6 2.d4 d5 3.Nc3 Bb4 4.e5 Qd7 5.Bd2 b6 6.Bb5 c6 7.Ba4 a5 8.a3 Bf8 9.Nce2 Ba6
10.c3 Bb5 11.Bc2 a4 12.Nf3 c5 13.O-O Nc6 14.Re1 Na5 15.Nf4 Nc4 16.Bc1 cxd4
17.Nxd4 g6 18.Qf3 Ne7 19.h4 Bg7 20.h5 Nxe5 21.Qh3 O-O 22.hxg6 hxg6 23.Qh4 Nf5
24.Bxf5 exf5 25.Nh3 f6 26.Bh6 Rae8 27.Bxg7 Kxg7 28.Nf4 g5 29.Qg3 Kf7 30.Nh3 f4
31.Nxg5+ Kg6 32.Qxf4 fxg5 33.Qg3 Rf4 34.Rad1 Bc4 35.Re3 Nf7 36.Rde1 Rfe4
37.Rxe4 dxe4 38.Qe3 Qg4 39.Nc6 b5 40.Qc5 Qe6 41.Rd1 e3 42.f3 e2 43.Re1 Qd6
44.Qxd6+ Nxd6 45.Nd4 Nf5 46.Nc2 Ne3 47.Nb4 Nd1 48.Nc2 Nxb2  0-1

[Event "XI Open"]
[Site "Balaguer ESP"]
[Date "2006.07.19"]
[Round "3"]
[White "Barrientos,S"]
[Black "Arribas,M"]
[Result "1-0"]
[WhiteElo "2435"]
[BlackElo "2283"]

1.e4 e6 2.d4 d5 3.Nc3 Bb4 4.e5 Ne7 5.a3 Bxc3+ 6.bxc3 c5 7.a4 Qc7 8.Nf3 b6
9.Bb5+ Bd7 10.Bd3 Nbc6 11.O-O cxd4 12.cxd4 Nb4 13.Ba3 Nxd3 14.cxd3 Nf5 15.g4 Nh6
16.Qd2 Qd8 17.h3 Ng8 18.Rfc1 Ne7 19.Bd6 O-O 20.Qg5 f6 21.exf6 Rxf6 22.Ne5 Rc8
23.Nxd7 Qxd7 24.Bxe7 Rxc1+ 25.Rxc1 h6 26.Qe5 Qxe7 27.Rc8+ Kh7 28.Rc7 Qf8
29.Rxa7 Kh8 30.Qe3 Rf3 31.Qe2 Rf6 32.Kg2 Qb4 33.Qe3 Qb2 34.h4 Qc2 35.g5 hxg5
36.hxg5 Rf8 37.g6  1-0

[Event "XI Open"]
[Site "Balaguer ESP"]
[Date "2006.07.20"]
[Round "4"]
[White "Castellanos,R"]
[Black "Bhat,V"]
[Result "1/2-1/2"]
[WhiteElo "2479"]
[BlackElo "2409"]

1.e4 e6 2.d4 d5 3.Nc3 Bb4 4.e5 Ne7 5.a3 Bxc3+ 6.bxc3 c5 7.Qg4 O-O 8.Bd3 Nbc6
9.Bg5 Qa5 10.Ne2 Ng6 11.O-O Qa4 12.f4 c4 13.Bxg6 fxg6 14.Ra2 Bd7 15.h4 Rf5
16.Ng3 Qa5 17.Rf3 Qb6 18.Rf1 Nxe5 19.Qe2 Nf7 20.Raa1 h6 21.Nxf5 exf5 22.Be7 Re8
23.Rfe1 Nd6 24.Qe5 Ne4 25.Rab1 Qc6 26.Rxe4 fxe4 27.Qd6 Kf7 28.Qxc6 Bxc6 29.Bd6 Ke6
30.Be5 Re7 31.Kf2 Ba4 32.Rc1 Kf5 33.Kg3 h5 34.Kf2 Re6 35.Rb1  1/2-1/2

[Event "Czech Open A"]
[Site "Pardubice CZE"]
[Date "2006.07.22"]
[Round "2"]
[White "Kurenkov,N"]
[Black "Vavra,P1"]
[Result "1-0"]
[WhiteElo "2447"]
[BlackElo "2338"]

1.e4 e6 2.d4 d5 3.Nc3 Bb4 4.e5 b6 5.Qg4 Bf8 6.Bg5 Qd7 7.f4 Nc6 8.Nf3 Bb7
9.O-O-O Nge7 10.Qh5 h6 11.Bxe7 Bxe7 12.Bd3 g6 13.Bxg6 fxg6 14.Qxg6+ Kd8 15.g4 Kc8
16.f5 Nd8 17.f6 Bb4 18.Ne2 Ba6 19.Nf4 Qa4 20.c3 Bf8 21.Qb1 c5 22.h4 Nc6 23.g5 cxd4
24.Nxd4 hxg5 25.Nfxe6 Kb7 26.Nxc6 Qxc6 27.Nd4 Qc7 28.hxg5 Ba3 29.Rxh8 Rxh8
30.bxa3 Qxc3+ 31.Qc2 Qxa3+ 32.Kb1 Rc8 33.Qb2 Qe3 34.e6 Qxg5 35.f7 Qf6 36.Nb3 Qxe6
37.f8=Q Qg6+ 38.Ka1 Rxf8 39.Nc5+ Ka8 40.Nxa6 Qg4 41.Rc1 Rc8 42.Nc7+ Kb7 43.Nxd5 Rxc1+
44.Qxc1 Qd4+ 45.Nc3 b5 46.Kb1 a5 47.Qe1 Kb6 48.Qe6+ Kb7 49.Kc2 b4 50.Ne4 Qd8
51.Nc5+ Ka7  1-0

[Event "10th Battle of Senta 1697 Open"]
[Site "Senta SCG"]
[Date "2006.07.22"]
[Round "3"]
[White "Simonyi,Z"]
[Black "Szabados,K"]
[Result "1/2-1/2"]
[WhiteElo "2239"]
[BlackElo "2072"]

1.e4 e6 2.d4 d5 3.Nc3 Bb4 4.e5 b6 5.Qg4 Bf8 6.Bg5 Qd7 7.f4 Ba6 8.Nge2 h6
9.Bh4 h5 10.Qf3 Ne7 11.Ng3 Bxf1 12.Rxf1 Nbc6 13.O-O-O g6 14.Bf6 Rh7 15.Nge2 O-O-O
16.h3 Bg7 17.Bxg7 Rxg7 18.g4 hxg4 19.hxg4 Rh8 20.Ng3 Rh3 21.Nce2 Rgh7 22.Rh1 Qd8
23.Qg2 Qh8 24.Rxh3 Rxh3 25.Nh5 Re3 26.Nhg3 Qh4 27.Kd2 Rxg3 28.Qxg3 Qxg3 29.Nxg3 Nxd4
30.Rh1 g5 31.Ne2 Ndc6 32.Rh5 gxf4 33.Nxf4 Kd7 34.c3 Nd8 35.b4 c5 36.b5 Nb7
37.Rh7 Na5 38.Rxf7 Nc4+ 39.Ke2 Nxe5 40.Rg7 Kd6 41.g5 Nd7 42.Rf7 e5 43.Rxe7 Kxe7
44.Nxd5+ Ke6 45.c4 Kf5 46.Ne7+ Kxg5 47.Nc6 Kf4 48.Nxa7 e4 49.Nc6 e3 50.Ne7 Nf6
51.Nd5+ Nxd5 52.cxd5 Ke5 53.Kxe3 Kxd5 54.Kd3 c4+ 55.Kc3 Kc5 56.a4 Kd5 57.a5 bxa5
58.b6  1/2-1/2

[Event "Open"]
[Site "Kiel GER"]
[Date "2006.07.23"]
[Round "3"]
[White "Lanka,Z"]
[Black "Bluebaum,K"]
[Result "1/2-1/2"]
[WhiteElo "2498"]
[BlackElo "2250"]

1.e4 e6 2.d4 d5 3.Nc3 Bb4 4.e5 Ne7 5.a3 Bxc3+ 6.bxc3 c5 7.Nf3 Bd7 8.Rb1 Qc7
9.Bf4 c4 10.h4 Nbc6 11.h5 h6 12.g3 O-O-O 13.Bg2 Kb8 14.O-O Ka8 15.Qc1 Nc8
16.a4 Nb6 17.Qa3 Na5 18.Rb4 Nc6 19.a5 Nc8 20.Rb5 Nb8 21.Rb2 Bc6 22.Nd2 Qe7
23.Qa1 g6 24.hxg6 fxg6 25.Rfb1 Rd7 26.Be3 Rh7 27.Re1 g5 28.Nb1 a6 29.Nd2 Na7
30.Bf1 Rc7 31.Reb1 Nb5 32.Rb4 Be8 33.Bxc4 dxc4 34.Nxc4 Rxc4 35.Rxc4 Na3 36.Rc8 Nxb1
37.Qxb1 Bb5 38.c4 Qd7 39.Rc5 Bc6 40.Qb3 Qc7 41.d5 Nd7 42.Qb4 Rh8 43.dxc6 Nxc5
44.Qxc5 bxc6 45.g4  1/2-1/2

[Event "XI Open"]
[Site "Balaguer ESP"]
[Date "2006.07.24"]
[Round "8"]
[White "Van Riemsdijk,H"]
[Black "Bhat,V"]
[Result "0-1"]
[WhiteElo "2376"]
[BlackElo "2409"]

1.e4 e6 2.d4 d5 3.Nc3 Bb4 4.e5 Ne7 5.a3 Bxc3+ 6.bxc3 c5 7.h4 Nbc6 8.h5 Qa5
9.Bd2 Bd7 10.h6 gxh6 11.Nf3 O-O-O 12.Bd3 c4 13.Be2 Ng8 14.Kf1 f6 15.Qe1 fxe5
16.Nxe5 Nxe5 17.dxe5 Ne7 18.Bxh6 Rhg8 19.a4 Be8 20.Bf3 Bg6 21.Ra2 Be4 22.Rh3 Bxf3
23.Rxf3 Nf5 24.Bf4 Rg4 25.g3 h5 26.Qb1 h4 27.Qb5 Qc7 28.a5 Rdg8 29.Ke2 a6
30.Qb4 Kb8 31.gxh4 Nxh4 32.Rg3 Nf5 33.Rxg4 Rxg4 34.Qf8+ Ka7 35.Kf3 Rg1 36.Rb2 Qxa5
37.Qf7 Qxc3+ 38.Be3+ Qxe3+  0-1

[Event "Open"]
[Site "Kiel GER"]
[Date "2006.07.26"]
[Round "7"]
[White "Lanka,Z"]
[Black "Bernhardt,G"]
[Result "1-0"]
[WhiteElo "2498"]
[BlackElo "1966"]

1.e4 e6 2.d4 d5 3.Nc3 Bb4 4.e5 Ne7 5.a3 Bxc3+ 6.bxc3 c5 7.Nf3 Qa5 8.Bd2 Nbc6
9.Be2 c4 10.O-O Bd7 11.Re1 O-O-O 12.Bf1 h6 13.h4 Rdf8 14.h5 g6 15.Nh2 g5
16.Ng4 Ng8 17.Be2 f5 18.exf6 Nxf6 19.Nxf6 Rxf6 20.Bg4 Rhf8 21.Re2 Qc7 22.Be1 Ne7
23.f3 Nf5 24.Re5 Qd6 25.Qe2 Re8 26.a4 Qf8 27.a5 Qf7 28.Qd1 Ng7 29.Qb1 Qe7
30.Bg3 Rd8 31.Re1 Ne8 32.Ra2 Nd6 33.Be5 Rf7 34.Bh2 Rf6 35.Rb2 Bc6 36.Qd1 Kd7
37.Be5 Rf5 38.Bxf5 Nxf5 39.Qe2 Re8 40.Rb4 Kc8 41.Bh2 Kd7 42.Qe5 Rc8 43.Rbb1 Ng7
44.g4 Ne8 45.Re3 Qf6 46.Qg3  1-0

[Event "Czech Open A"]
[Site "Pardubice CZE"]
[Date "2006.07.26"]
[Round "6"]
[White "Olszewski,Mi"]
[Black "Swicarz,M"]
[Result "1-0"]
[WhiteElo "2410"]
[BlackElo "2268"]

1.e4 e6 2.d4 d5 3.Nc3 Bb4 4.e5 b6 5.Qg4 Bf8 6.Bb5+ c6 7.Ba4 f5 8.Qg3 Bd7
9.Nh3 a6 10.Ng5 h6 11.Nh7 Ne7 12.Nxf8 Rxf8 13.Be3 c5 14.dxc5 d4 15.Bxd7+ Qxd7
16.Bxd4 Qxd4 17.Rd1 Qxc5 18.Rd8+ Kf7  1-0

[Event "Czech Open A"]
[Site "Pardubice CZE"]
[Date "2006.07.26"]
[Round "6"]
[White "Lindberg,Be"]
[Black "Limontas,M"]
[Result "1/2-1/2"]
[WhiteElo "2419"]
[BlackElo "2277"]

1.e4 e6 2.d4 d5 3.Nc3 Bb4 4.e5 Ne7 5.a3 Bxc3+ 6.bxc3 b6 7.Qg4 Ng6 8.h4 h5
9.Qg3 Ba6 10.Bg5 Qd7 11.Bxa6 Nxa6 12.a4 Nb8 13.Ne2 Nc6 14.Nf4 Nxf4 15.Bxf4 Rh7
16.Qd3 Rh8 17.Bg5 Na5 18.Rh3 Nc4 19.Rg3 a5 20.Qf3 b5 21.Bc1 Rh7 22.axb5 g6
23.Qf6 Qe7 24.Bg5 Qxf6 25.Bxf6 Rb8 26.Kd1 Rxb5 27.Kc1 Kd7 28.Rd3 c6 29.Rf3 Ke8
30.Ra2 Kd7 31.Ra1 Ke8 32.Ra2 Kd7  1/2-1/2

[Event "XLVIII TCh-POR"]
[Site "Evora POR"]
[Date "2006.07.27"]
[Round "6"]
[White "Pereira,Rub"]
[Black "Alho,D"]
[Result "1-0"]
[WhiteElo "2312"]
[BlackElo "2229"]

1.e4 e6 2.d4 d5 3.Nc3 Bb4 4.e5 b6 5.Bd2 Ba6 6.Nb5 Bf8 7.Be2 Qd7 8.a4 c6 9.Nc3 Bxe2
10.Ncxe2 c5 11.f4 Nc6 12.Nf3 Nh6 13.O-O Nf5 14.c3 h5 15.b3 Be7 16.Qb1 O-O
17.b4 Rfc8 18.Rc1 Rab8 19.Qb3 cxb4 20.cxb4 a5 21.b5 Nb4 22.Ne1 Rxc1 23.Rxc1 Rc8
24.Rc3 Rc7 25.Rh3 g6 26.Bc3 Qc8 27.Rf3 Rd7 28.Qb2 Qc4 29.Nc1 Rc7 30.Nb3 g5
31.fxg5 Bxg5 32.Qf2 Qxb3 33.Bd2 Qd1 34.Bxg5 Rc2 35.Qf1 Re2 36.Nd3 Qxf1+ 37.Kxf1 Nxd4
38.Nxb4 axb4 39.Rg3 Kf8 40.Be3 h4 41.Rh3 b3 42.Bxd4 Rd2 43.Rxb3 Rxd4 44.a5 Ra4
45.axb6 Ra8 46.Rc3 Rb8 47.Rc6 Kg7 48.Kf2 Kg6 49.Ke3 Kf5 50.Kd4 Kf4 51.Rc7 Rxb6
52.Rxf7+ Kg4 53.Kc5 Rb8 54.b6 d4 55.Rd7 Kf5 56.Rxd4 h3 57.gxh3 Kxe5 58.Rb4 Rc8+
59.Kb5 Kd5 60.b7  1-0